| 000 | 00528nam a22001817a 4500 | ||
|---|---|---|---|
| 005 | 20251108165305.0 | ||
| 008 | 250721s1991 xx 000 0 ara d | ||
| 082 | 1 | 4 | _a958.104/عدن |
| 100 | 1 | _aالنحوي، عدنان علي رضا | |
| 245 | 1 | 0 | _aملحمة الجهاد الأفغاني / |
| 250 | _aط3 | ||
| 264 | 1 |
_aالرياض : _bدار النحوي للنشر و التوزيع، _c1991. |
|
| 300 | _a153ص | ||
| 650 | 1 | 7 | _aأفغانستان |
| 650 | 1 | 7 | _aالتاريخ |
| 942 |
_2ddc _cBK |
||
| 999 |
_c24277 _d24277 |
||